000 00711nam a2200205 4500
003 CO-ViMGA
020 _a9789585950511
040 _aCO-ViMGA
_bspa
_cCO-ViMGA
090 _aN BUI2
100 1 _aBuitrago, Jaime,
_d1904-1963
_98505
245 1 0 _aPescadores del Magdalena :
_bnovela /
_cJaime Buitrago.
260 _aBogotá :
_bDiente de León,
_c2016.
300 _a297 páginas ;
_b23 cm.
490 _aPlan Nacional de Lectura y Escritura Leer es mi Cuento / Ministerio de Cultura
650 1 4 _aLiteratura Colombiana
_ySiglo XX
_98269
650 1 4 _aNovela Colombiana
_ySiglo XX
_98275
650 1 4 _aPescadores en la literatura
_98506
650 1 4 _aVida cotidiana en la literatura
_98345
942 _2ddc
_cBK
999 _c7609
_d7609